Seminario de accidentes de tránsito

में बचाया:
ग्रंथसूची विवरण
मुख्य लेखक: Hurtado Urra, José Sergio (autor)
स्वरूप: पुस्तक
भाषा:स्पेनिश
प्रकाशित: Valparaíso, Chile Universidad Católica de Valparaíso 1990
विषय:
टैग: टैग जोड़ें
कोई टैग नहीं, इस रिकॉर्ड को टैग करने वाले पहले व्यक्ति बनें!

MARC

LEADER 00000nam a2200000 a 4500
001 UCZ6702
003 CL-VaPUC
005 20250226153910.0
008 951214e19900000CL |||||||||||||||||spa|d
999 |c 242886  |d 242884 
040 |c Pontificia Universidad Católica de Valparaíso 
082 0 4 |a 363.12 HUR 1990  |2 21 
100 |a Hurtado Urra, José Sergio  |e autor  |9 610764 
245 1 0 |a Seminario de accidentes de tránsito 
260 0 3 |a Valparaíso, Chile  |b Universidad Católica de Valparaíso  |c 1990 
300 |a 76 páginas 
583 |a last modification  |c 20170307 12:22:21  |k Rodrigo Vera 
650 7 |a TRANSPORTE  |2 CL-VaPUC  |9 256365 
650 7 |a SEGURIDAD DEL TRANSPORTE  |2 CL-VaPUC  |9 350439 
650 0 |a Seguridad vial  |9 351161 
650 0 |a Accidentes  |9 351162 
650 0 |a Tráfico  |9 263653 
942 |c BK  |2 ddc 
945 |d 19951214 00:00:00  |a rleighto